00450nam a22001457a 450000500170000000800410001704100120005808200140007010000270008424501150011125000190022626000090024530000240025465000260027820231106101411.0231106b |||||||| |||| 00| 0 eng d aEnglish a346.5 POL aBeukes, ESC lEnglish  aPolicy and Procedure Manual for Estate Practitioners on the Administration of Deceased Estates / cESC Beukes  aFirst Edition  c2006 b76 pages ; c30 cm. aLegal practice bLaaw